<?xml version="1.0" encoding="UTF-8"?>
<record
    xmlns:xsi="http://www.w3.org/2001/XMLSchema-instance"
    xsi:schemaLocation="http://www.loc.gov/MARC21/slim http://www.loc.gov/standards/marcxml/schema/MARC21slim.xsd"
    xmlns="http://www.loc.gov/MARC21/slim">

  <leader>00387nam a22001457a 4500</leader>
  <controlfield tag="005">20241022140520.0</controlfield>
  <controlfield tag="008">241022b        |||||||| |||| 00| 0 eng d</controlfield>
  <datafield tag="020" ind1=" " ind2=" ">
    <subfield code="a">9781553067627</subfield>
  </datafield>
  <datafield tag="050" ind1=" " ind2=" ">
    <subfield code="a">RG966</subfield>
    <subfield code="b">.A1F76 FRO</subfield>
  </datafield>
  <datafield tag="100" ind1=" " ind2=" ">
    <subfield code="a">Froese, Jean Chamberlain</subfield>
  </datafield>
  <datafield tag="245" ind1=" " ind2=" ">
    <subfield code="a">Where have all the Mothers Gone</subfield>
  </datafield>
  <datafield tag="260" ind1=" " ind2=" ">
    <subfield code="a">Belleville</subfield>
    <subfield code="b">Epic Press</subfield>
    <subfield code="c">c2004</subfield>
  </datafield>
  <datafield tag="300" ind1=" " ind2=" ">
    <subfield code="a">184p</subfield>
    <subfield code="b">Col,:</subfield>
  </datafield>
  <datafield tag="942" ind1=" " ind2=" ">
    <subfield code="2">lcc</subfield>
    <subfield code="c">BK</subfield>
    <subfield code="n">0</subfield>
  </datafield>
  <datafield tag="999" ind1=" " ind2=" ">
    <subfield code="c">112</subfield>
    <subfield code="d">112</subfield>
  </datafield>
  <datafield tag="952" ind1=" " ind2=" ">
    <subfield code="0">0</subfield>
    <subfield code="1">0</subfield>
    <subfield code="2">lcc</subfield>
    <subfield code="4">0</subfield>
    <subfield code="7">0</subfield>
    <subfield code="8">NFIC</subfield>
    <subfield code="a">CUL1</subfield>
    <subfield code="b">CUL1</subfield>
    <subfield code="c">GEN</subfield>
    <subfield code="d">2024-10-22</subfield>
    <subfield code="l">0</subfield>
    <subfield code="o">RG966.A1F76 FRO</subfield>
    <subfield code="p">ulct00000041</subfield>
    <subfield code="r">2024-10-22 14:11:36</subfield>
    <subfield code="t">1</subfield>
    <subfield code="w">2024-10-22</subfield>
    <subfield code="y">BK</subfield>
  </datafield>
  <datafield tag="952" ind1=" " ind2=" ">
    <subfield code="0">0</subfield>
    <subfield code="1">0</subfield>
    <subfield code="2">lcc</subfield>
    <subfield code="4">0</subfield>
    <subfield code="7">0</subfield>
    <subfield code="8">NFIC</subfield>
    <subfield code="a">CTGL</subfield>
    <subfield code="b">CTGL</subfield>
    <subfield code="c">GEN</subfield>
    <subfield code="d">2025-03-11</subfield>
    <subfield code="l">0</subfield>
    <subfield code="o">RG 966.A 1 F76 FRO</subfield>
    <subfield code="p">GSCT00000603</subfield>
    <subfield code="r">2025-03-11 10:15:44</subfield>
    <subfield code="t">1</subfield>
    <subfield code="w">2025-03-11</subfield>
    <subfield code="y">BK</subfield>
  </datafield>
</record>
